[Event "Summer blitz games for the senior master candidate"]
[Site "SchemingMind.com"]
[Date "2008.06.09"]
[Round "-"]
[White "BogusAurelius"]
[Black "Space"]
[Result "1-0"]
[WhiteCountry "USA"]
[BlackCountry "SWE"]
[WhiteElo "2217"]
[WhiteRD "70"]
[BlackElo "2238"]
[BlackRD "78"]
[GameID "158647"]

1. e4 Nc6 2. Nf3 d5 3. exd5 Qxd5 4. Nc3 Qa5 5. Bb5 Bd7 6. O-O a6 7. Bxc6 Bxc6 8. Re1 O-O-O 9. Ne5 Be8 10. Qf3 f6
11. d3 e6 12. Bd2 Qc5 13. b4 Qd6 14. Nc4 Qc6 15. Qxc6 Bxc6 16. Rab1 e5 17. a4 Be8 18. b5 Bc5 19. Ne4 Be7 20. f4 exf4
21. b6
1-0

[Event "Summer blitz games for the senior master candidate"]
[Site "SchemingMind.com"]
[Date "2008.06.09"]
[Round "-"]
[White "Space"]
[Black "BogusAurelius"]
[Result "1/2-1/2"]
[WhiteCountry "SWE"]
[BlackCountry "USA"]
[WhiteElo "2238"]
[WhiteRD "78"]
[BlackElo "2217"]
[BlackRD "70"]
[GameID "158648"]

1. d4 Nf6 2. c4 g6 3. Nc3 Bg7 4. e4 d6 5. Nf3 O-O 6. Be2 e5 7. O-O Nbd7 8. Be3 Ng4 9. Bg5 f6 10. Bh4 Nh6
11. Qd2 exd4 12. Nxd4 Re8 13. Rad1 Nc5 14. f3 Nf7 15. b4 Ne6 16. Nxe6 Bxe6 17. f4 g5 18. Bf2 gxf4 19. Qxf4 a5 20. b5 b6
21. Nd5 Rf8 22. Bg4=
1/2-1/2

[Event "Summer blitz games for the senior master candidate"]
[Site "SchemingMind.com"]
[Date "2008.06.12"]
[Round "-"]
[White "Adunatos"]
[Black "Space"]
[Result "1-0"]
[WhiteCountry "NED"]
[BlackCountry "SWE"]
[WhiteElo "2337"]
[WhiteRD "67"]
[BlackElo "2222"]
[BlackRD "76"]
[GameID "159114"]

1. e4 Nc6 2. d4 d5 3. Nc3 dxe4 4. d5 Ne5 5. Qd4 Ng6 6. Qxe4 a6 7. Qa4+ Bd7 8. Qb3 Qc8 9. Be3 Nf6 10. Nf3 e5
11. h4
1-0

[Event "Summer blitz games for the senior master candidate"]
[Site "SchemingMind.com"]
[Date "2008.06.12"]
[Round "-"]
[White "Adunatos"]
[Black "BogusAurelius"]
[Result "1/2-1/2"]
[WhiteCountry "NED"]
[BlackCountry "USA"]
[WhiteElo "2337"]
[WhiteRD "67"]
[BlackElo "2275"]
[BlackRD "68"]
[GameID "159115"]

1. e4 c5 2. Nf3 d6 3. d4 cxd4 4. Nxd4 Nf6 5. Nc3 e6 6. g4 Be7 7. g5 Nfd7 8. h4 O-O 9. Be3 Nc6 10. Qh5 Nxd4
11. Bxd4 a6 12. O-O-O b5 13. f4 b4 14. Bxg7 Kxg7 15. e5 Rg8 16. Ne4 dxe5 17. fxe5 Bb7 18. Bg2 Qc7 19. Nf6 Nf8 20. Rd7 Qxd7
21. Nxd7 Bxg2 22. Rd1 Nxd7 23. Qh6+ Kh8 24. Rxd7 Rg6 25. Qh5 Re8 26. Qd1 Bd5 27. Qf1 Rg7 28. Qxa6 Bf8 29. Kd2 f5 30. Qb5 Rxd7
31. Qxd7 Re7 32. Qc8 Kg7 33. h5 Bb7 34. Qd8 Bd5 35. Qc8 Bb7=
1/2-1/2

[Event "Summer blitz games for the senior master candidate"]
[Site "SchemingMind.com"]
[Date "2008.06.12"]
[Round "-"]
[White "Space"]
[Black "Adunatos"]
[Result "0-1"]
[WhiteCountry "SWE"]
[BlackCountry "NED"]
[WhiteElo "2222"]
[WhiteRD "76"]
[BlackElo "2337"]
[BlackRD "67"]
[GameID "159116"]

1. d4 Nf6 2. c4 e6 3. Nc3 Bb4 4. e3 O-O 5. Bd3 d5 6. Nf3 c5 7. O-O Nc6 8. a3 Bxc3 9. bxc3 dxc4 10. Bxc4 Qc7
11. Be2 e5 12. Qc2 Rd8 13. Bb2 Bg4 14. dxe5 Nxe5 15. c4 Nxf3+ 16. gxf3 Bh3 17. Rfd1 Qc6 18. Be5 Qe6 19. Bc7 Rd7 20. Rxd7 Qxd7
21. Bg3= Rd8 22. Rd1 Qe7 23. Rxd8+ Qxd8
0-1

[Event "Summer blitz games for the senior master candidate"]
[Site "SchemingMind.com"]
[Date "2008.06.12"]
[Round "-"]
[White "BogusAurelius"]
[Black "Adunatos"]
[Result "1-0"]
[WhiteCountry "USA"]
[BlackCountry "NED"]
[WhiteElo "2275"]
[WhiteRD "68"]
[BlackElo "2337"]
[BlackRD "67"]
[GameID "159117"]

1. e4 c6 2. Nc3 d5 3. Nf3 Bg4 4. h3 Bxf3 5. Qxf3 Nf6 6. d3 e6 7. Bd2 Nbd7 8. g4 b5 9. g5 b4 10. gxf6 bxc3
11. Bxc3 Nxf6 12. e5 Nd7 13. d4 c5 14. O-O-O Qb6 15. Rg1 g6 16. a4 cxd4 17. Rxd4 Bc5 18. Rd2 O-O 19. Rg4 Be7 20. Qg3 Rab8
21. h4 Rfc8 22. Bb5 Rxc3 23. Qxc3 Nc5 24. f3 h5 25. Rgd4 a6 26. Bf1 Nb7 27. f4 Na5 28. f5 exf5 29. Rxd5 Bb4 30. Qd4 Bxd2+
31. Kxd2 Qxd4+ 32. Rxd4 Rxb2 33. Rd5 Nc6 34. Bxa6 Nb4 35. Rd8+ Kg7 36. Kc3 Rb1 37. Bb5 Na2+ 38. Kc4 Rb2 39. Rd7 Kf8 40. c3
1-0

[Event "Summer blitz games for the senior master candidate"]
[Site "SchemingMind.com"]
[Date "2008.06.18"]
[Round "-"]
[White "calidore"]
[Black "Space"]
[Result "0-1"]
[WhiteCountry "ISR"]
[BlackCountry "SWE"]
[WhiteElo "1899"]
[WhiteRD "53"]
[BlackElo "2238"]
[BlackRD "78"]
[GameID "159275"]

1. e4 Nc6 2. Nf3 e6 3. d4 d5 4. e5 f6 5. Bd3 Nb4 6. Be2 c5 7. c3 Nc6 8. Bd3 cxd4 9. cxd4 Bb4+ 10. Bd2 Bxd2+
11. Qxd2 fxe5 12. dxe5 Nge7 13. O-O O-O 14. Nc3 Bd7 15. Rac1 Rxf3 16. gxf3 Nxe5 17. Qe2 N7g6 18. Bxg6 Nxg6 19. Kh1 Qf6 20. Rg1 Bc6
21. Rce1 Nf4 22. Qe5 d4
0-1

[Event "Summer blitz games for the senior master candidate"]
[Site "SchemingMind.com"]
[Date "2008.06.18"]
[Round "-"]
[White "calidore"]
[Black "BogusAurelius"]
[Result "0-1"]
[WhiteCountry "ISR"]
[BlackCountry "USA"]
[WhiteElo "1899"]
[WhiteRD "53"]
[BlackElo "2217"]
[BlackRD "70"]
[GameID "159276"]

1. e4 c5 2. c3 e6 3. d4 d5 4. e5 Nc6 5. Nf3 Bd7 6. Bd3 cxd4 7. cxd4 Qb6 8. O-O Nxd4 9. Nxd4 Qxd4 10. Nc3 a6
11. Re1 Ne7 12. Qf3 Ng6 13. Be3 Qxd3 14. Rad1 Qc4 15. Rd4 Qc7 16. Rc1 Qxe5 17. Nxd5 exd5 18. Rxd5 Qe6 19. Rd4 Bc6 20. Qd1 Be7
0-1

[Event "Summer blitz games for the senior master candidate"]
[Site "SchemingMind.com"]
[Date "2008.06.18"]
[Round "-"]
[White "calidore"]
[Black "Adunatos"]
[Result "0-1"]
[WhiteCountry "ISR"]
[BlackCountry "NED"]
[WhiteElo "1867"]
[WhiteRD "47"]
[BlackElo "2337"]
[BlackRD "67"]
[GameID "159277"]

1. e4 c5 2. c3 Nf6 3. e5 Nd5 4. d4 cxd4 5. cxd4 d6 6. Nf3 Nc6 7. Nc3 dxe5 8. Nxe5 e6 9. Bb5 Bd7 10. Nxd7 Qxd7
11. O-O Be7 12. Nxd5 Qxd5 13. Qa4 O-O 14. Be3 a6 15. Bc4 Qd6 16. Bd3 b5 17. Qc2 Nb4 18. Bxh7+ Kh8 19. Qb1 g6 20. Bxg6 fxg6
21. Qxg6 Rf6 22. Qh5+ Kg7 23. Qg4+ Rg6 24. Qe4 Nd5 25. g3 Rh8 26. Rfe1 Rh4 27. Qf3 Bf6 28. Rad1 Qd7 29. Rc1 Bxd4 30. Bxd4+ Rxd4
31. Rc2 Nb4 32. Rce2 Rf6 33. Qc3 Nd3 34. Rd1 Qd5 35. Red2 Nxf2
0-1

[Event "Summer blitz games for the senior master candidate"]
[Site "SchemingMind.com"]
[Date "2008.06.17"]
[Round "-"]
[White "Space"]
[Black "calidore"]
[Result "1/2-1/2"]
[WhiteCountry "SWE"]
[BlackCountry "ISR"]
[WhiteElo "2238"]
[WhiteRD "78"]
[BlackElo "1899"]
[BlackRD "53"]
[GameID "159278"]

1. d4 Nf6 2. c4 e6 3. Nc3 d5 4. cxd5 exd5 5. Bg5 Be7 6. e3 O-O 7. Bd3 h6 8. Bh4 Nc6 9. Nf3 Bg4 10. a3 a6
11. Qc2 Re8 12. O-O Bxf3 13. gxf3 Qd6 14. Bg3 Qd7 15. Bf5 Qd8 16. Be5 Nxe5 17. dxe5 Nd7 18. e6 fxe6 19. Bxe6+ Kh8 20. Bxd5 Bd6
21. f4 c6 22. Bg2 Nf6 23. Rad1 Qe7 24. Qg6 Bc7 25. Rd3 Red8 26. Rfd1 Rxd3 27. Rxd3 Rd8 28. Rxd8+ Qxd8= 29. Qf7 Ba5 30. b4 Bc7
31. Bf3=
1/2-1/2

[Event "Summer blitz games for the senior master candidate"]
[Site "SchemingMind.com"]
[Date "2008.06.17"]
[Round "-"]
[White "BogusAurelius"]
[Black "calidore"]
[Result "1-0"]
[WhiteCountry "USA"]
[BlackCountry "ISR"]
[WhiteElo "2217"]
[WhiteRD "70"]
[BlackElo "1899"]
[BlackRD "53"]
[GameID "159279"]

1. e4 Nf6 2. e5 Nd5 3. d4 d6 4. Nf3 c6 5. Be2 Bf5 6. O-O dxe5 7. dxe5 e6 8. Nd4 Bg6 9. c4 Nb6 10. Nc3 Be7
11. Be3 O-O 12. f4 Na6 13. g4 h6 14. f5 exf5 15. gxf5 Bh7 16. a4 Nc7 17. f6 gxf6 18. Nf5 Bxf5 19. Rxf5 Qxd1+ 20. Rxd1 fxe5
21. a5 Nc8 22. Kh1 f6 23. Ne4 Nd6 24. Nxd6 Bxd6 25. Rxd6
1-0

[Event "Summer blitz games for the senior master candidate"]
[Site "SchemingMind.com"]
[Date "2008.06.17"]
[Round "-"]
[White "Adunatos"]
[Black "calidore"]
[Result "1-0"]
[WhiteCountry "NED"]
[BlackCountry "ISR"]
[WhiteElo "2337"]
[WhiteRD "67"]
[BlackElo "1867"]
[BlackRD "47"]
[GameID "159280"]

1. e4 Nf6 2. e5 Nd5 3. d4 d6 4. Nf3 Bg4 5. Be2 e6 6. O-O Be7 7. c4 Nb6 8. h3 Bh5 9. Nc3 dxe5 10. Nxe5 Bxe2
11. Qxe2 N8d7 12. Qg4 Bf6 13. c5 Nd5 14. Nxd5 exd5 15. c6 Nb6 16. cxb7 Bxe5 17. bxa8=Q Qxa8 18. dxe5
1-0

[Event "Summer blitz games for the senior master candidate"]
[Site "SchemingMind.com"]
[Date "2008.06.16"]
[Round "-"]
[White "Darko"]
[Black "Space"]
[Result "1/2-1/2"]
[WhiteCountry "ROU"]
[BlackCountry "SWE"]
[WhiteElo "2022"]
[WhiteRD "72"]
[BlackElo "2238"]
[BlackRD "78"]
[GameID "159638"]

1. e4 Nc6 2. d4 d5 3. e5 Bf5 4. Nf3 e6 5. c3 f6 6. Bf4 Nge7 7. Bd3 Bxd3 8. Qxd3 Ng6 9. Bg3 fxe5 10. Bxe5 Ncxe5
11. Nxe5 Nxe5 12. dxe5 Qd7 13. Nd2 Bc5 14. Nf3 O-O 15. O-O Rf5=
1/2-1/2

[Event "Summer blitz games for the senior master candidate"]
[Site "SchemingMind.com"]
[Date "2008.06.16"]
[Round "-"]
[White "Darko"]
[Black "BogusAurelius"]
[Result "0-1"]
[WhiteCountry "ROU"]
[BlackCountry "USA"]
[WhiteElo "2022"]
[WhiteRD "72"]
[BlackElo "2217"]
[BlackRD "70"]
[GameID "159639"]

1. e4 c5 2. Nf3 d6 3. d4 cxd4 4. Nxd4 Nf6 5. Nc3 e6 6. g4 Be7 7. g5 Nfd7 8. h4 Nc6 9. Be3 O-O 10. Qd2 Nde5
11. O-O-O Nxd4 12. Qxd4 Ng4 13. f4 Nxe3 14. Qxe3 Qb6 15. Qxb6 axb6 16. Kb1 Bd7 17. Nb5 Bc6 18. Rh2 Bxe4 19. Nxd6 Rfd8 20. Rhd2 Bf3
0-1

[Event "Summer blitz games for the senior master candidate"]
[Site "SchemingMind.com"]
[Date "2008.06.19"]
[Round "-"]
[White "Darko"]
[Black "calidore"]
[Result "1-0"]
[WhiteCountry "ROU"]
[BlackCountry "ISR"]
[WhiteElo "2027"]
[WhiteRD "72"]
[BlackElo "1867"]
[BlackRD "47"]
[GameID "159640"]

1. e4 Nf6 2. e5 Nd5 3. d4 d6 4. Nf3 Bg4 5. Be2 c6 6. c4 Nc7 7. exd6 exd6 8. O-O Be7 9. Qb3 b6 10. Nc3 O-O
11. Be3 Nd7 12. Rfe1 d5 13. cxd5 cxd5 14. Nxd5 Nxd5 15. Qxd5 Be6 16. Qb5 Rc8 17. a3 Nf6= 18. Ne5 Qe8 19. Rac1 Nd7 20. Rxc8 Qxc8
21. Rc1 Qe8 22. Rc7 Nf6 23. Rxa7 Qxb5 24. Bxb5 Bd6 25. Nd7 Nxd7 26. Bxd7 Bd5 27. Bb5 h5 28. Rd7
1-0

[Event "Summer blitz games for the senior master candidate"]
[Site "SchemingMind.com"]
[Date "2008.06.16"]
[Round "-"]
[White "Darko"]
[Black "Adunatos"]
[Result "0-1"]
[WhiteCountry "ROU"]
[BlackCountry "NED"]
[WhiteElo "1966"]
[WhiteRD "75"]
[BlackElo "2166"]
[BlackRD "64"]
[GameID "159641"]

1. e4 c5 2. Nf3 d6 3. d4 cxd4 4. Nxd4 Nf6 5. Nc3 a6 6. Be3 e5 7. Nb3 Be6 8. f3 Be7 9. Qd2 h5 10. Nd5 Nxd5
11. exd5 Bf5 12. Be2 Nd7 13. O-O h4 14. f4 Bh7 15. c4 O-O 16. Na5 exf4 17. Bxf4 Re8 18. b4 h3 19. Rf3 Qb6+ 20. Be3 Bg5
21. c5 Bxe3+ 22. Rxe3 dxc5 23. Nc4 Qxb4 24. Qc1 b5 25. Rb3 Rxe2 26. Rxb4 cxb4 27. Nd6 Ne5 28. Qf4 Rd8 29. Rc1 Bd3 30. Nb7 Rxg2+
31. Kh1 Rxd5 32. Rc8+ Kh7 33. Qe3 Rxh2+ 34. Kg1 Bf5 35. Rd8 Rg2+ 36. Kh1 Rxd8 37. Nxd8 Nd3
0-1

[Event "Summer blitz games for the senior master candidate"]
[Site "SchemingMind.com"]
[Date "2008.06.16"]
[Round "-"]
[White "Space"]
[Black "Darko"]
[Result "1/2-1/2"]
[WhiteCountry "SWE"]
[BlackCountry "ROU"]
[WhiteElo "2222"]
[WhiteRD "76"]
[BlackElo "2027"]
[BlackRD "72"]
[GameID "159642"]

1. d4 Nf6 2. c4 e6 3. Nc3 Bb4 4. e3 O-O 5. Bd3 d5 6. Nf3 c5 7. O-O dxc4 8. Bxc4 Nbd7 9. Qb3 a6 10. a4 b6
11. d5 Bxc3 12. dxe6 Bb4 13. exd7 Qxd7 14. Rd1 Qc7 15. Bd2 a5 16. Bxb4 axb4 17. Qd3 Bd7 18. b3 Rfc8 19. Ng5=
1/2-1/2

[Event "Summer blitz games for the senior master candidate"]
[Site "SchemingMind.com"]
[Date "2008.06.16"]
[Round "-"]
[White "BogusAurelius"]
[Black "Darko"]
[Result "1-0"]
[WhiteCountry "USA"]
[BlackCountry "ROU"]
[WhiteElo "2275"]
[WhiteRD "68"]
[BlackElo "2027"]
[BlackRD "72"]
[GameID "159643"]

1. e4 Nf6 2. e5 Nd5 3. d4 d6 4. Nf3 dxe5 5. Nxe5 c6 6. Be2 Nd7 7. c4 N5f6 8. O-O e6 9. Nc3 Bd6 10. f4 O-O
11. Bf3 Qc7 12. Be3 a6 13. Qe1 Re8 14. Qg3 Nf8 15. h4 h5 16. Ne4 Nxe4 17. Bxe4 g6 18. Bf3 Kh8 19. c5 Bxe5 20. dxe5 Nd7
21. Rfd1 b6 22. Rxd7 Bxd7 23. cxb6 Qb7 24. Qg5 Kh7 25. f5 exf5 26. Qh6+ Kg8 27. Bg5 Qxb6+ 28. Kh1 Qxb2 29. Bf6 Qxa1+ 30. Bd1
1-0

[Event "Summer blitz games for the senior master candidate"]
[Site "SchemingMind.com"]
[Date "2008.06.21"]
[Round "-"]
[White "calidore"]
[Black "Darko"]
[Result "1/2-1/2"]
[WhiteCountry "ISR"]
[BlackCountry "ROU"]
[WhiteElo "1899"]
[WhiteRD "53"]
[BlackElo "2022"]
[BlackRD "72"]
[GameID "159644"]

1. e4 c5 2. c3 d5 3. exd5 Qxd5 4. d4 Nc6 5. Nf3 cxd4 6. cxd4 e5 7. Nc3 Bb4 8. dxe5 Qxd1+ 9. Kxd1 Bg4 10. Bf4 Bxf3+
11. gxf3 O-O-O+ 12. Kc1 Nd4 13. Bh3+ Kb8 14. e6+ Ka8 15. exf7 Bxc3 16. fxg8=Q Rdxg8 17. bxc3=
1/2-1/2

[Event "Summer blitz games for the senior master candidate"]
[Site "SchemingMind.com"]
[Date "2008.06.17"]
[Round "-"]
[White "Adunatos"]
[Black "Darko"]
[Result "1-0"]
[WhiteCountry "NED"]
[BlackCountry "ROU"]
[WhiteElo "2337"]
[WhiteRD "67"]
[BlackElo "2027"]
[BlackRD "72"]
[GameID "159645"]

1. e4 Nf6 2. e5 Nd5 3. d4 d6 4. Nf3 dxe5 5. Nxe5 c6 6. Be2 Nd7 7. Nf3 N7f6 8. c4 Nb6 9. O-O Bg4 10. Qb3 Qc7
11. Nc3 e6 12. h3 Bxf3 13. Bxf3 Be7 14. a4 a5 15. Ne2 O-O 16. Bf4 Qd8 17. Rad1 Bb4 18. Nc3
1-0

[Event "Summer blitz games for the senior master candidate"]
[Site "SchemingMind.com"]
[Date "2008.06.17"]
[Round "-"]
[White "nimzoking"]
[Black "Space"]
[Result "0-1"]
[WhiteCountry "ENG"]
[BlackCountry "SWE"]
[WhiteElo "2152"]
[WhiteRD "74"]
[BlackElo "2222"]
[BlackRD "76"]
[GameID "159661"]

1. d4 Nf6 2. c4 e6 3. Nc3 Bb4 4. e3 c5 5. Ne2 cxd4 6. exd4 O-O 7. a3 Be7 8. d5 exd5 9. cxd5 Re8 10. d6 Bf8
11. Bf4 Qb6 12. Qd2 Nc6 13. Be3 Qb3 14. Rd1 b6 15. Nc1 Qe6 16. Be2 Ne5 17. O-O Bb7 18. Bg5 Rac8 19. Qd4 Qf5 20. Bxf6 Qxf6
21. f4 Qg6 22. Rf2 Nc6 23. Qd3 Qxd3 24. Bxd3 Re6 25. Rfd2 Rf6 26. N1e2 Na5 27. b4 Nc4 28. Bxc4 Rxc4 29. Kf2 Rc6 30. Ne4 Re6
31. Ng5 Rexd6
0-1

[Event "Summer blitz games for the senior master candidate"]
[Site "SchemingMind.com"]
[Date "2008.06.16"]
[Round "-"]
[White "nimzoking"]
[Black "BogusAurelius"]
[Result "0-1"]
[WhiteCountry "ENG"]
[BlackCountry "USA"]
[WhiteElo "2152"]
[WhiteRD "74"]
[BlackElo "2275"]
[BlackRD "68"]
[GameID "159662"]

1. d4 Nf6 2. c4 g6 3. Nc3 Bg7 4. e4 d6 5. f4 O-O 6. Nf3 Nbd7 7. e5 Ne8 8. Be3 c5 9. dxc5 dxe5 10. fxe5 Qa5
11. Qd2 Nxe5 12. Nxe5 Bxe5 13. Nd5 Qxd2+ 14. Bxd2 e6 15. Bc3 Bxc3+ 16. Nxc3 Nf6 17. Rd1 Nd7 18. Be2 Nxc5 19. b4 Nd7 20. Ne4 Ne5
21. Rf1 Kg7 22. Nd6 b6 23. a4 Bd7 24. b5 Rad8 25. Rf4 Bc8 26. Re4 f6 27. Red4 Rd7 28. a5 f5 29. Kf2 Kf6 30. Bf3 Nxf3
31. gxf3 e5 32. Rd5 bxa5 33. Rc5 Rfd8 34. Rc6 Ke7
0-1

[Event "Summer blitz games for the senior master candidate"]
[Site "SchemingMind.com"]
[Date "2008.06.19"]
[Round "-"]
[White "nimzoking"]
[Black "calidore"]
[Result "1-0"]
[WhiteCountry "ENG"]
[BlackCountry "ISR"]
[WhiteElo "2176"]
[WhiteRD "81"]
[BlackElo "1899"]
[BlackRD "53"]
[GameID "159663"]

1. d4 Nf6 2. c4 e6 3. Nc3 d5 4. Bg5 Be7 5. e3 O-O 6. Rc1 Bd7 7. cxd5 exd5 8. Bxf6 Bxf6 9. Nxd5 Bc6 10. Nxf6+ Qxf6
11. Nf3 Nd7 12. d5 Rad8 13. dxc6 bxc6 14. Qd4
1-0

[Event "Summer blitz games for the senior master candidate"]
[Site "SchemingMind.com"]
[Date "2008.06.16"]
[Round "-"]
[White "nimzoking"]
[Black "Adunatos"]
[Result "0-1"]
[WhiteCountry "ENG"]
[BlackCountry "NED"]
[WhiteElo "2152"]
[WhiteRD "74"]
[BlackElo "2344"]
[BlackRD "71"]
[GameID "159664"]

1. c4 e6 2. Nc3 Nf6 3. g3 d5 4. cxd5 exd5 5. d4 c5 6. Bg2 cxd4 7. Qxd4 Nc6 8. Qa4 d4 9. Bxc6+ bxc6 10. Ne4 Bb4+
11. Qxb4 Nxe4 12. f3 Nf6 13. e3 d3 14. e4 Qd7 15. Bg5 Ba6 16. Qa5 Bc4 17. b3 Be6 18. Qc3 O-O-O 19. O-O-O Qb7 20. h4 Qa6
21. Rh2 Rd7 22. Rhd2 Rhd8 23. Kb2 Kb7 24. g4 c5 25. Qxc5 Rc8 26. Qb4+ Ka8 27. Bf4 Qc6 28. Be3 Bxg4 29. fxg4 Nxe4 30. Ka1 Rb8
31. Qc4 Qxc4 32. bxc4 Nxd2 33. Rxd2 Re8 34. Bf2 Re4 35. c5 Rf4 36. Be3 Rxg4 37. Nf3 Rd5
0-1

[Event "Summer blitz games for the senior master candidate"]
[Site "SchemingMind.com"]
[Date "2008.06.17"]
[Round "-"]
[White "nimzoking"]
[Black "Darko"]
[Result "1/2-1/2"]
[WhiteCountry "ENG"]
[BlackCountry "ROU"]
[WhiteElo "2152"]
[WhiteRD "74"]
[BlackElo "2027"]
[BlackRD "72"]
[GameID "159665"]

1. d4 Nf6 2. c4 e6 3. Nc3 Bb4 4. e3 O-O 5. Bd3 d5 6. Nf3 c5 7. O-O dxc4 8. Bxc4 Nbd7 9. a3 cxd4 10. Qxd4 Bxc3
11. Qxc3 b6 12. b4 Bb7 13. Bb2 Rc8 14. Qb3 Qe7 15. Be2 Rc7 16. Rac1 Rfc8 17. Rxc7 Rxc7 18. Rc1 Bd5 19. Qd1 Qd8 20. Ne5 Qc8
21. Nxd7 Nxd7 22. Rxc7 Qxc7 23. h3 Qc6=
1/2-1/2

[Event "Summer blitz games for the senior master candidate"]
[Site "SchemingMind.com"]
[Date "2008.06.17"]
[Round "-"]
[White "Space"]
[Black "nimzoking"]
[Result "1/2-1/2"]
[WhiteCountry "SWE"]
[BlackCountry "ENG"]
[WhiteElo "2222"]
[WhiteRD "76"]
[BlackElo "2152"]
[BlackRD "74"]
[GameID "159666"]

1. d4 Nf6 2. c4 e6 3. Nc3 Bb4 4. e3 O-O 5. Bd3 d5 6. Nf3 c5 7. O-O dxc4 8. Bxc4 cxd4 9. exd4 b6 10. Qe2 Bb7
11. Bg5 h6 12. Bh4 Nbd7 13. Ne5 Nxe5 14. dxe5 Qd4 15. exf6 Qxh4 16. fxg7 Rfc8 17. Ba6=
1/2-1/2

[Event "Summer blitz games for the senior master candidate"]
[Site "SchemingMind.com"]
[Date "2008.06.17"]
[Round "-"]
[White "BogusAurelius"]
[Black "nimzoking"]
[Result "1-0"]
[WhiteCountry "USA"]
[BlackCountry "ENG"]
[WhiteElo "2275"]
[WhiteRD "68"]
[BlackElo "2152"]
[BlackRD "74"]
[GameID "159667"]

1. e4 d5 2. exd5 Qxd5 3. Nc3 Qa5 4. Bc4 Nf6 5. d3 Bg4 6. Ne2 e6 7. Bd2 c6 8. f3 Bf5 9. g4 Bg6 10. h4 h5
11. g5 Nfd7 12. Nf4 Qe5+ 13. Kf2 Bf5 14. Re1 Qd6 15. g6 Bxg6 16. Bxe6 Be7 17. Kg2 Bh7 18. Nxh5 Bxh4 19. Bf4 Qf8 20. Bb3+ Kd8
21. Rh1 g5 22. Qd2 Kc8 23. Bg3 Qg8 24. Bf2 Qg6 25. Ng3 Rf8 26. Rae1 Na6 27. d4 Nc7 28. d5 Rd8 29. dxc6 Qxc6 30. Rd1 f6
31. Nge4 Bxe4 32. Nxe4 Bxf2 33. Qxf2 g4 34. Rd6 gxf3+ 35. Qxf3
1-0

[Event "Summer blitz games for the senior master candidate"]
[Site "SchemingMind.com"]
[Date "2008.06.21"]
[Round "-"]
[White "calidore"]
[Black "nimzoking"]
[Result "0-1"]
[WhiteCountry "ISR"]
[BlackCountry "ENG"]
[WhiteElo "1867"]
[WhiteRD "47"]
[BlackElo "2152"]
[BlackRD "74"]
[GameID "159668"]

1. e4 d5 2. exd5 Qxd5 3. Nc3 Qa5 4. d4 Nf6 5. Nf3 Bf5 6. Bc4 e6 7. Bd2 c6 8. O-O Qc7 9. Ne5 Bd6 10. Bf4 Nbd7
11. Re1 O-O 12. h3 Rfe8 13. Qf3 Bxc2 14. Rac1 Bg6 15. g4 Nf8 16. Qg3 Rad8 17. h4 h6 18. Nxg6 Nxg6 19. Bxd6 Qxd6 20. Rcd1 Qxg3+
21. fxg3 Nxg4 22. h5 Nf8 23. Ne4 Nh7 24. Kg2 Ngf6 25. Kf3 Nxe4 26. Kxe4 Nf6+ 27. Kf3 Nxh5 28. g4 Nf6 29. Rg1 Nh7 30. Bb3 Ng5+
31. Kg3 Rd6
0-1

[Event "Summer blitz games for the senior master candidate"]
[Site "SchemingMind.com"]
[Date "2008.06.16"]
[Round "-"]
[White "Adunatos"]
[Black "nimzoking"]
[Result "1/2-1/2"]
[WhiteCountry "NED"]
[BlackCountry "ENG"]
[WhiteElo "2344"]
[WhiteRD "71"]
[BlackElo "2152"]
[BlackRD "74"]
[GameID "159669"]

1. e4 d5 2. exd5 Qxd5 3. Nc3 Qa5 4. d4 c6 5. Bc4 Nf6 6. Bd2 Bf5 7. Nd5 Qd8 8. Nxf6+ gxf6 9. Nf3 e6 10. Bb3 Nd7
11. Qe2 Qc7 12. Nh4 Bg6 13. O-O-O O-O-O 14. g3 Bd6 15. Kb1 c5 16. Nxg6 hxg6 17. d5 e5 18. h4 f5 19. h5 e4 20. h6 Ne5
21. Bc4 Rh7 22. Bg5 Rf8 23. Bf6 Kb8 24. Bg7 Rd8 25. Bf6 Be7 26. Bxe5 Qxe5 27. c3 Rdh8 28. Qe3 Bf8 29. d6 Bxd6 30. Rd5 Qf6
31. Rhd1 Rd8 32. Qd2 Kc7 33. Qe3 f4 34. gxf4 Rxh6 35. Rxd6 Rxd6 36. Qxc5+ Rc6 37. Qa5+ Rb6 38. Qc5+=
1/2-1/2

[Event "Summer blitz games for the senior master candidate"]
[Site "SchemingMind.com"]
[Date "2008.06.17"]
[Round "-"]
[White "Darko"]
[Black "nimzoking"]
[Result "0-1"]
[WhiteCountry "ROU"]
[BlackCountry "ENG"]
[WhiteElo "2027"]
[WhiteRD "72"]
[BlackElo "2152"]
[BlackRD "74"]
[GameID "159670"]

1. e4 d5 2. exd5 Qxd5 3. Nc3 Qa5 4. d4 Nf6 5. Nf3 Bf5 6. Bd2 c6 7. Bc4 e6 8. Ne5 Nbd7 9. Qe2 Nxe5 10. dxe5 Nd7
11. Nb5 Qd8 12. Nd4 Bg6 13. O-O-O Qh4 14. Nf3 Qe4 15. Be3 Nxe5 16. Rd4 Qf5 17. Rf4 Qh5 18. g4 Nxg4 19. Bxa7 Bd6 20. Rd4 Be5
21. Nxe5 Nxe5 22. Qxh5 Bxh5 23. Bb6 Nxc4 24. Rxc4 Rxa2 25. Kb1 Ra6 26. Rb4 O-O 27. Bc5 Rfa8
0-1